| Tag |
First Indicator |
Second Indicator |
Subfields |
| LEADER |
00000cam a2200000 4500 |
| 001 |
in00000058846 |
| 005 |
20151008051002.0 |
| 008 |
740422s1947 eng u |
| 010 |
|
|
|a 48000408
|
| 035 |
|
|
|a (OCoLC)00863692
|
| 035 |
|
|
|9 AAG4776AM
|
| 040 |
|
|
|c CSU
|d TXA
|d UtOrBLW
|
| 049 |
|
|
|a TXAM
|c [151324]
|
| 050 |
|
0 |
|a B56
|b .D8
|
| 082 |
0 |
|
|a 180
|
| 092 |
|
|
|a 180
|b D917r
|
| 100 |
1 |
|
|a Dunham, James Henry,
|d 1870-1953.
|
| 245 |
1 |
4 |
|a The religion of philosophers.
|
| 264 |
|
1 |
|a Philadelphia :
|b Univ. of Pennsylvania Press for Temple Univ. Publications,
|c 1947.
|
| 300 |
|
|
|a 314 pages ;
|c 24 cm.
|
| 336 |
|
|
|a text
|b txt
|2 rdacontent
|
| 337 |
|
|
|a unmediated
|b n
|2 rdamedia
|
| 338 |
|
|
|a volume
|b nc
|2 rdacarrier
|
| 504 |
|
|
|a Bibliography: pages 304-307.
|
| 650 |
|
0 |
|a Philosophers.
|
| 650 |
|
0 |
|a Philosophy and religion.
|
| 999 |
|
|
|a MARS
|
| 999 |
f |
f |
|s f23c4859-1168-302d-ad56-079ff0284e63
|i 701d6735-d772-3252-94ff-026b4cdbe01a
|t 0
|
| 952 |
f |
f |
|p ric
|a Texas A&M University
|b Rellis Campus
|c Joint Library Facility
|d Remote Storage
|t 0
|e B56 .D8
|h Library of Congress classification
|i unmediated -- volume
|m A14800537460
|
| 998 |
f |
f |
|a B56 .D8
|t 0
|l Remote Storage
|